00196 a2200109 4500001000700000020000600007040001100013100002000024240001900044245001400063362000900077181504 a  cMagnum aBraun, Veronica10aExpressaolpor10aExpressao0 a1899